In darkness striving. (Record no. 33317)

MARC details
000 -LEADER
fixed length control field 00766cam a22002531 4500
001 - CONTROL NUMBER
control field he 68001455
003 - CONTROL NUMBER IDENTIFIER
control field DLC
005 - DATE AND TIME OF LATEST TRANSACTION
control field 20260227111458.0
008 - FIXED-LENGTH DATA ELEMENTS--GENERAL INFORMATION
fixed length control field 710901s1968 is 000 1 eng
010 ## - LIBRARY OF CONGRESS CONTROL NUMBER
LC control number he 68001455
025 ## - OVERSEAS ACQUISITION NUMBER
Overseas acquisition number PL480:Is-7213
040 ## - CATALOGING SOURCE
Original cataloging agency DLC
Transcribing agency DLC
Modifying agency DLC
041 1# - LANGUAGE CODE
Language code of text/sound track or separate title engheb
050 00 - LIBRARY OF CONGRESS CALL NUMBER
Classification number PZ3.B923
Item number In
100 1# - MAIN ENTRY--PERSONAL NAME
Personal name Burla, Yehuda,
Dates associated with a name 1886-1969.
240 10 - UNIFORM TITLE
Uniform title Naftule adam.
Language of a work English
245 10 - TITLE STATEMENT
Title In darkness striving.
Statement of responsibility, etc. Translated from the Hebrew by Joseph Schachter. Edited by Murray Roston.
260 ## - PUBLICATION, DISTRIBUTION, ETC.
Place of publication, distribution, etc. Jerusalem,
Name of publisher, distributor, etc. Institute for the Translation of Hebrew Literature,
Date of publication, distribution, etc. 1968.
300 ## - PHYSICAL DESCRIPTION
Extent 135 p.
Dimensions 22 cm.
350 ## - PRICE (NR) (BK AM CF MU VM SE) [OBSOLETE]
Price 9.75
500 ## - GENERAL NOTE
General note Translation of Naftule adam.
650 #0 - SUBJECT ADDED ENTRY--TOPICAL TERM
Topical term or geographic name entry element Jews
General subdivision Fiction.
655 #7 - INDEX TERM--GENRE/FORM
Genre/form data or focus term Jewish fiction.
Source of term lcsh

No items available.

Powered by Koha